000 00695nam a2200229Ia 4500
003 GCL
008 140319s9999 xx 000 0 ara d
040 _aGCL /
_cGCL
082 0 4 _a401
_bت ع
100 1 _aتوفيق محمد شاهين
245 1 0 _aعلم اللغة العام /
_cتوفيق محمد شاهين
260 _a[S.N] :
_bمكتبة وهبة ،
_c1980
300 _a179 ص
490 _a
650 0 4 _aالاصوات اللغوية
650 0 4 _aاللغة العربية
650 0 4 _aاللهجات
650 0 4 _aاللغات السامية
650 0 4 _aاللغة العربية - تاريخ
650 0 4 _aاللغة العربية - علم
942 _2ddc
_cBK
999 _c37161
_d37161